Statistics for Job Titles Quiz #1

Click here to take the quiz!

General Stats

  • This quiz has been taken 53,892 times
    (19,552 since last reset)
  • The average score is 15 of 20

Answer Stats

People Occupation % Correct
Pablo Picasso, Frida Kahlo, Vincent Van GoghPainter
100%
Charles Dickens, Steven King, J.K. RowlingAuthor
100%
Mike Tyson, Muhammad Ali, Floyd MayweatherBoxer
97%
Lil Wayne, Jay-Z, EminemRapper
96%
Harry Houdini, David Copperfield, David BlaineMagician
94%
Ludwig van Beethoven, Frédéric Chopin, Igor StravinskyComposer
93%
Pelé, Marta, David BeckhamSoccer Player
92%
Amelia Earhart, Charles Lindbergh, Chuck YeagerPilot
86%
Vera Wang, Ralph Lauren, ValentinoFashion Designer
84%
Al Capone, Lucky Luciano, John GottiMobster
83%
Sofia Coppola, David Lynch, Alfred HitchcockDirector
82%
Jerry Seinfeld, Louis C.K., John CleeseComedian
81%
Florence Nightingale, Clara Barton, Mary SeacoleNurse
71%
Ray Charles, Glenn Gould, Lang LangPianist
65%
Billy Graham, Martin Luther King Jr., Billy SundayPreacher
62%
Bill Watterson, Charles Schulz, Gary LarsonCartoonist
47%
Clarence Darrow, Johnny Cochran, Alan DershowitzLawyer
44%
Auguste Rodin, Dale Chihuly, PraxitelesSculptor
40%
H. L. Mencken, Bob Woodward, Walter BagehotJournalist
32%
Booker T. Washington, Anne Sullivan, John T. ScopesTeacher
30%

Score Distribution

Percentile by Number Answered

Percent of People with Each Score

Your Score History

You have not taken this quiz since the last reset